00454 2200169 4500001002100000005001500021035002000036008004100056245005900097100001700156260003500173084001400208082000800222650001400230856001700244990002300261INLIS00000000000284220250728010604 a0010-0425000198250728 0 ind 1 amusa: si hafiz cilik penghafal al-quran /cainun mahya aainun, mahya aDepok :bHuta publisher,c2016 a922 Ain m a922 4aReferensi aKoleksi Umum a3014/SMPN 7 SBY/18